Southville International School and Colleges
Your cart is empty.
  • Cart
  • Lists
    Public lists list_1 View all
    Your lists Log in to create your own lists
  • Log in to your account
  • Your cookies
  • Search history
Southville International School and Colleges
  • Advanced search
  • Recent comments
  • Most popular
  • Libraries

Log in to your account

Log in with GOOGLE


If you do not have an external account, but do have a local account, you can still log in:

  1. Home
  2. MARC view: Apps used by SMCB, Inc, college students and faculty
Normal view MARC view ISBD view

Apps used by SMCB, Inc, college students and faculty (Record no. 367018)

[ view plain ]
MARC details
000 -LEADER
fixed length control field 00853nam a22002057a 4500
003 - CONTROL NUMBER IDENTIFIER
control field 0
005 - DATE AND TIME OF LATEST TRANSACTION
control field 20250120105524.0
008 - FIXED-LENGTH DATA ELEMENTS--GENERAL INFORMATION
fixed length control field 250120b xxu||||| |||| 00| 0 eng d
050 ## - LIBRARY OF CONGRESS CALL NUMBER
Classification number LB 2395.7
Item number .Ev92 2023
100 ## - MAIN ENTRY--PERSONAL NAME
Personal name Evangelista, Alani S.
245 ## - TITLE STATEMENT
Title Apps used by SMCB, Inc, college students and faculty
Remainder of title basis for enhansing online, onsite, and blended pedagogy
Statement of responsibility, etc Alani S. Evangelista
260 ## - PUBLICATION, DISTRIBUTION, ETC. (IMPRINT)
Place of publication, distribution, etc Las Pinas City
Name of publisher, distributor, etc Southville International School and Colleges
Date of publication, distribution, etc 2023
300 ## - PHYSICAL DESCRIPTION
Extent xix, 143 pages
Other physical details illustrations ;
Dimensions 29cm.
504 ## - BIBLIOGRAPHY, ETC. NOTE
Bibliography, etc Includes bibliographical references and appendices.
610 ## - SUBJECT ADDED ENTRY--CORPORATE NAME
Corporate name or jurisdiction name as entry element St. Mary's College of Baliuag, Inc.--Online learning—Higher education..
650 ## - SUBJECT ADDED ENTRY--TOPICAL TERM
Topical term or geographic name as entry element Mobile apps—Educational use.
650 ## - SUBJECT ADDED ENTRY--TOPICAL TERM
Topical term or geographic name as entry element Online learning—Higher education.
650 ## - SUBJECT ADDED ENTRY--TOPICAL TERM
Topical term or geographic name as entry element Teaching—Technological innovations.
942 ## - ADDED ENTRY ELEMENTS (KOHA)
Source of classification or shelving scheme Library of Congress Classification
Koha item type Theses
Holdings
Withdrawn status Lost status Source of classification or shelving scheme Damaged status Home library Current library Shelving location Date acquired Source of acquisition Total Checkouts Full call number Barcode Date last seen Price effective from Koha item type
    Library of Congress Classification   College Library College Library Theses Section 01/20/2025 Donation   LB 2395.7 .Ev92 2023 T1264 01/20/2025 01/20/2025 Theses

Apps used by SMCB, Inc, college students and faculty

APA

Evangelista A. S., . (2023). Apps used by SMCB, Inc, college students and faculty. Las Pinas City: Southville International School and Colleges.

Chicago

Evangelista Alani S, . 2023. Apps used by SMCB, Inc, college students and faculty. Las Pinas City: Southville International School and Colleges.

Harvard

Evangelista A. S., . (2023). Apps used by SMCB, Inc, college students and faculty. Las Pinas City: Southville International School and Colleges.

MLA

Evangelista Alani S, . Apps used by SMCB, Inc, college students and faculty. Las Pinas City: Southville International School and Colleges. 2023.

  • Print
  • Cite
  • Add to your cart (remove)
  • Save record
    BIBTEX Dublin Core MARCXML MARC (non-Unicode/MARC-8) MARC (Unicode/UTF-8) MARC (Unicode/UTF-8, Standard) MODS (XML) RIS
  • More searches
    Search for this title in:
    Other Libraries (WorldCat) Other Databases (Google Scholar) Online Stores (Bookfinder.com) Open Library (openlibrary.org)

Exporting to Dublin Core...

SOUTHVILLE LIBRARY

Southville International School and Colleges Library

1281 Tropical Ave. Cor. Luxembourg St., BF Homes International, Las Pinas City

Tel. No. 8256374 / 252358 Loc. 117/146

Powered by Koha